| 000 | 00530nam a22001457a 4500 | ||
|---|---|---|---|
| 999 |
_c535728 _d535728 |
||
| 082 | _a624.1 | ||
| 100 | _aMehmood, Imran | ||
| 245 |
_aFactors causing delay in post-earthquake construction project of Azad Jammu and Kashmir / _cImran Mehmood. |
||
| 260 |
_aIslamabad : _bNIT - NUST, _c2013. |
||
| 300 |
_a78 p. : ill. ; _c30cm. |
||
| 942 |
_2ddc _cTHE |
||
| 650 |
_aConstruction Engineering & Management - MS Theses. _930389 |
||
| 700 |
_aSup Dr. Hamza Farooq Gabriel. _922897 |
||